LEADER 00823nam0-22003251i-450- 001 990003258970403321 005 20001010 010 $a0-07-048111-3 035 $a000325897 035 $aFED01000325897 035 $a(Aleph)000325897FED01 035 $a000325897 100 $a20000920d1987----km-y0itay50------ba 101 0 $aita 105 $ay-------001yy 200 1 $a<>URBAN WORLD 205 $a3 210 $aNew York$cMcGraw-Hill$d1987 215 $app. 482 610 0 $aPolitica della Citt ?e Pianificazione Territoriale 676 $a044.005 700 1$aPalen,$bJ. John$0129747 801 0$aIT$bUNINA$gRICA$2UNIMARC 901 $aBK 912 $a990003258970403321 952 $a044.005.PAL$b356$fDECGE 959 $aDECGE 996 $aURBAN WORLD$9450766 997 $aUNINA DB $aING01 LEADER 02210nam 2200529 450 001 9910705611303321 005 20170602075635.0 035 $a(CKB)5470000002452288 035 $a(OCoLC)988747626 035 $a(EXLCZ)995470000002452288 100 $a20170602d2016 ua 0 101 0 $aeng 135 $aur||||||||||| 181 $ctxt$2rdacontent 182 $cc$2rdamedia 183 $acr$2rdacarrier 200 10$aAssessing special operations forces language, region, and culture needs $eleveraging digital and LRC learning to reroute the 'roadmap' from human terrain to human domain /$fRobert R. Greene Sands 210 1$aMacdill Air Force Base, Florida :$cThe JSOU Press,$d2016. 215 $a1 online resource (xi, 140 pages) 225 1 $aJSOU report ;$v16-8 300 $a"This work was cleared for public release; distribution is unlimited"--Title page verso. 320 $aIncludes bibliographical references (pages 123-140) 517 $aAssessing special operations forces language, region, and culture needs 606 $aSpecial forces (Military science)$zUnited States 606 $aCross-cultural orientation$zUnited States$xEvaluation 606 $aLanguage and languages$xStudy and teaching$zUnited States 606 $aCultural competence$zUnited States 606 $aCultural awareness$zUnited States 606 $aIntercultural communication 606 $aDistance education$xTechnological innovations$zUnited States 606 $aMilitary education$zUnited States 615 0$aSpecial forces (Military science) 615 0$aCross-cultural orientation$xEvaluation. 615 0$aLanguage and languages$xStudy and teaching 615 0$aCultural competence 615 0$aCultural awareness 615 0$aIntercultural communication. 615 0$aDistance education$xTechnological innovations 615 0$aMilitary education 700 $aSands$b Robert Greene$f1957-$01241152 712 02$aJoint Special Operations University (U.S.), 801 0$bGPO 801 1$bGPO 906 $aBOOK 912 $a9910705611303321 996 $aAssessing special operations forces language, region, and culture needs$93464849 997 $aUNINA